| 000 | 00388nam a22001577a 4500 | ||
|---|---|---|---|
| 005 | 20190911121037.0 | ||
| 008 | 190911b xxu||||| |||| 00| 0 eng d | ||
| 020 | _a978-93-7473-514-5 | ||
| 041 | _aeng | ||
| 100 |
_aMARYA, R.K. _95085 |
||
| 245 | _aFUNDAMENTALS OF HUMAN PHYSIOLOGY | ||
| 250 | _a2nd Ed. 2019 | ||
| 260 |
_aINDIA _bAITBS PUBLISHERS _c2019 |
||
| 300 | _a293p, | ||
| 942 | _cBK | ||
| 999 |
_c5990 _d5988 |
||